000 01204nam0a2200277 4500
001 rc\1327175
005 20260406183422.0
035 _a(NLR Aleph) 010340427
090 _a10706107
_c10706107
100 _a20060512d1844 |||y0rusy50 ca
101 0 _arus
102 _aRU
105 _ay z |||||
135 _acrcn 024apaba
200 1 _aСписок гражданским чинам первых четырех классов по старшинству
_eСост. в Герольдии и испр. по 25 дек. 1844
210 _aСанкт-Петербург
_cтип. Правительствующего сената
_d[1844]
215 _a[4], 9-50, XX с.
_d13
325 _aКопия доступна в Электрон. б-ке РНБ http://vivaldi.nlr.ru/ab000000678/view
517 0 _aСписок гражданским чинам первых IV классов
712 0 1 _aРоссия
_bСенат
_bГерольдмейстерская контора
_3RU\NLR\AUTH\889948571
_9392766
801 0 _aRU
_bNLR
_c20060512
_gpsbo
801 1 _aRU
_bProSoft-M
_c20060512
_2rusmarc
852 _aNLR
_j18.29.2.21
942 _cBOOK
980 _aNB